| 000 | 00995cam a22002411 4500 | ||
|---|---|---|---|
| 001 | e 34000506 | ||
| 003 | DLC | ||
| 005 | 20260227111224.0 | ||
| 008 | 871223s1933 dcu b 000 0 eng c | ||
| 010 | _ae 34000506 | ||
| 035 | _a(OCoLC)17283216 | ||
| 040 |
_aLibrary, U.S. Office of Education _cCU-BANC _dDLC |
||
| 042 | _apremarc | ||
| 050 | 0 | 0 |
_aZ5811 _b.U42 no. 8 |
| 100 | 1 |
_aCook, Katherine Margaret O'Brien, _ecomp. |
|
| 245 | 0 | 0 |
_aGood references on the education of the indigenous peoples of Mexico ... _ccompiled by Katherine M. Cook, chief, Division of Special Problems and Florence E. Reynolds. U.S. Department of the Interior, Ray Lyman Wilbur, Secretary. Office of Education, William John Cooper, Commissioner. |
| 260 |
_a[Washington, D.C., _c1933] |
||
| 300 |
_a1 p. l., 11 p. _c23 cm. |
||
| 490 | 0 |
_aU.S. Office of Education. Bibliography _vno. 8 |
|
| 500 | _aMimeographed. | ||
| 650 | 0 |
_aEducation _zMexico _vBibliography. |
|
| 700 | 1 |
_aReynolds, Florence Evan, _ejoint comp. |
|
| 999 |
_c21397 _d21397 |
||